<?xml version="1.0" encoding="UTF-8"?>
<record
    xmlns:xsi="http://www.w3.org/2001/XMLSchema-instance"
    xsi:schemaLocation="http://www.loc.gov/MARC21/slim http://www.loc.gov/standards/marcxml/schema/MARC21slim.xsd"
    xmlns="http://www.loc.gov/MARC21/slim">

  <leader>00547nam a22001697a 4500</leader>
  <controlfield tag="005">20241130151008.0</controlfield>
  <controlfield tag="008">241130b        |||||||| |||| 00| 0 eng d</controlfield>
  <datafield tag="020" ind1=" " ind2=" ">
    <subfield code="a">9789988104474</subfield>
  </datafield>
  <datafield tag="050" ind1=" " ind2=" ">
    <subfield code="a">QD256 OPP</subfield>
  </datafield>
  <datafield tag="100" ind1=" " ind2=" ">
    <subfield code="a">Oppong, I. V.</subfield>
  </datafield>
  <datafield tag="245" ind1=" " ind2=" ">
    <subfield code="a">Organic Chemistry/</subfield>
    <subfield code="b">a systematic functional group approach</subfield>
    <subfield code="c">I. V. Oppong, Ivan Addae-Mensah &amp; S. A. Asunka</subfield>
  </datafield>
  <datafield tag="260" ind1=" " ind2=" ">
    <subfield code="a">Kanda, Accra</subfield>
    <subfield code="b">First Generation Publishers</subfield>
    <subfield code="c">2008</subfield>
  </datafield>
  <datafield tag="300" ind1=" " ind2=" ">
    <subfield code="a">vii.580p.</subfield>
    <subfield code="b">ill. some color</subfield>
    <subfield code="c">29cm</subfield>
  </datafield>
  <datafield tag="700" ind1=" " ind2=" ">
    <subfield code="a">Addae-Mensah Ivan</subfield>
  </datafield>
  <datafield tag="700" ind1=" " ind2=" ">
    <subfield code="a">Asunka S. A.</subfield>
  </datafield>
  <datafield tag="942" ind1=" " ind2=" ">
    <subfield code="2">lcc</subfield>
    <subfield code="c">BK</subfield>
    <subfield code="n">0</subfield>
  </datafield>
  <datafield tag="999" ind1=" " ind2=" ">
    <subfield code="c">1872</subfield>
    <subfield code="d">1872</subfield>
  </datafield>
  <datafield tag="952" ind1=" " ind2=" ">
    <subfield code="0">0</subfield>
    <subfield code="1">0</subfield>
    <subfield code="2">lcc</subfield>
    <subfield code="4">0</subfield>
    <subfield code="7">0</subfield>
    <subfield code="8">NFIC</subfield>
    <subfield code="a">MSL</subfield>
    <subfield code="b">MSL</subfield>
    <subfield code="c">GEN</subfield>
    <subfield code="d">2024-11-30</subfield>
    <subfield code="l">0</subfield>
    <subfield code="o">QD256 OPP</subfield>
    <subfield code="p">SLM00001087</subfield>
    <subfield code="r">2024-11-30 15:10:53</subfield>
    <subfield code="t">1</subfield>
    <subfield code="w">2024-11-30</subfield>
    <subfield code="y">BK</subfield>
  </datafield>
  <datafield tag="952" ind1=" " ind2=" ">
    <subfield code="0">0</subfield>
    <subfield code="1">0</subfield>
    <subfield code="2">lcc</subfield>
    <subfield code="4">0</subfield>
    <subfield code="7">0</subfield>
    <subfield code="8">NFIC</subfield>
    <subfield code="a">MSL</subfield>
    <subfield code="b">MSL</subfield>
    <subfield code="c">GEN</subfield>
    <subfield code="d">2024-11-30</subfield>
    <subfield code="l">0</subfield>
    <subfield code="o">QD256 OPP</subfield>
    <subfield code="p">SLM00001088</subfield>
    <subfield code="r">2024-11-30 15:10:53</subfield>
    <subfield code="t">2</subfield>
    <subfield code="w">2024-11-30</subfield>
    <subfield code="y">BK</subfield>
  </datafield>
  <datafield tag="952" ind1=" " ind2=" ">
    <subfield code="0">0</subfield>
    <subfield code="1">0</subfield>
    <subfield code="2">lcc</subfield>
    <subfield code="4">0</subfield>
    <subfield code="7">0</subfield>
    <subfield code="8">NFIC</subfield>
    <subfield code="a">MSL</subfield>
    <subfield code="b">MSL</subfield>
    <subfield code="c">GEN</subfield>
    <subfield code="d">2024-11-30</subfield>
    <subfield code="l">0</subfield>
    <subfield code="o">QD256 OPP</subfield>
    <subfield code="p">SLM00001089</subfield>
    <subfield code="r">2024-11-30 15:10:53</subfield>
    <subfield code="t">3</subfield>
    <subfield code="w">2024-11-30</subfield>
    <subfield code="y">BK</subfield>
  </datafield>
  <datafield tag="952" ind1=" " ind2=" ">
    <subfield code="0">0</subfield>
    <subfield code="1">0</subfield>
    <subfield code="2">lcc</subfield>
    <subfield code="4">0</subfield>
    <subfield code="7">0</subfield>
    <subfield code="8">NFIC</subfield>
    <subfield code="a">MSL</subfield>
    <subfield code="b">MSL</subfield>
    <subfield code="c">GEN</subfield>
    <subfield code="d">2024-11-30</subfield>
    <subfield code="l">0</subfield>
    <subfield code="o">QD256 OPP</subfield>
    <subfield code="p">SLM00001090</subfield>
    <subfield code="r">2024-11-30 15:10:53</subfield>
    <subfield code="t">4</subfield>
    <subfield code="w">2024-11-30</subfield>
    <subfield code="y">BK</subfield>
  </datafield>
  <datafield tag="952" ind1=" " ind2=" ">
    <subfield code="0">0</subfield>
    <subfield code="1">0</subfield>
    <subfield code="2">lcc</subfield>
    <subfield code="4">0</subfield>
    <subfield code="7">0</subfield>
    <subfield code="8">NFIC</subfield>
    <subfield code="a">MSL</subfield>
    <subfield code="b">MSL</subfield>
    <subfield code="c">GEN</subfield>
    <subfield code="d">2024-11-30</subfield>
    <subfield code="l">0</subfield>
    <subfield code="o">QD256 OPP</subfield>
    <subfield code="p">SLM00001091</subfield>
    <subfield code="r">2024-11-30 15:10:53</subfield>
    <subfield code="t">5</subfield>
    <subfield code="w">2024-11-30</subfield>
    <subfield code="y">BK</subfield>
  </datafield>
  <datafield tag="952" ind1=" " ind2=" ">
    <subfield code="0">0</subfield>
    <subfield code="1">0</subfield>
    <subfield code="2">lcc</subfield>
    <subfield code="4">0</subfield>
    <subfield code="7">0</subfield>
    <subfield code="8">NFIC</subfield>
    <subfield code="a">MSL</subfield>
    <subfield code="b">MSL</subfield>
    <subfield code="c">GEN</subfield>
    <subfield code="d">2024-11-30</subfield>
    <subfield code="l">0</subfield>
    <subfield code="o">QD256 OPP</subfield>
    <subfield code="p">SLM00001092</subfield>
    <subfield code="r">2024-11-30 15:10:53</subfield>
    <subfield code="t">6</subfield>
    <subfield code="w">2024-11-30</subfield>
    <subfield code="y">BK</subfield>
  </datafield>
  <datafield tag="952" ind1=" " ind2=" ">
    <subfield code="0">0</subfield>
    <subfield code="1">0</subfield>
    <subfield code="2">lcc</subfield>
    <subfield code="4">0</subfield>
    <subfield code="7">0</subfield>
    <subfield code="8">NFIC</subfield>
    <subfield code="a">MSL</subfield>
    <subfield code="b">MSL</subfield>
    <subfield code="c">GEN</subfield>
    <subfield code="d">2024-11-30</subfield>
    <subfield code="l">0</subfield>
    <subfield code="o">QD256 OPP</subfield>
    <subfield code="p">SLM00001093</subfield>
    <subfield code="r">2024-11-30 15:10:53</subfield>
    <subfield code="t">7</subfield>
    <subfield code="w">2024-11-30</subfield>
    <subfield code="y">BK</subfield>
  </datafield>
</record>
